[Event "Oberliga Nord W 1718"]
[Site "Germany"]
[Date "2018.02.25"]
[Round "7.6"]
[White "Krajina, Davor"]
[Black "Gerstmann, Frank"]
[Result "1-0"]
[WhiteElo "2255"]
[BlackElo "2144"]
[PlyCount "107"]
[EventDate "2017.10.08"]
[EventType "team-tourn"]
[EventRounds "9"]
[EventCountry "GER"]
[SourceTitle "EXT 2019"]
[Source "ChessBase"]
[SourceDate "2018.10.10"]
[SourceVersion "1"]
[SourceVersionDate "2018.10.10"]
[SourceQuality "1"]
[WhiteTeam "Bremer SG"]
[BlackTeam "Hameln"]
[WhiteTeamCountry "GER"]
[BlackTeamCountry "GER"]

1. Nc3 c5 2. e3 e6 3. b3 Nf6 4. f4 Be7 5. Bb2 0-0 6. Nf3 a6 7. Be2 b5 8. 0-0 b4 9. Na4 d6 10. Qe1 Bd7 11. Bd3 Bb5 12. Qg3 Bxd3 13. cxd3 Nbd7 14. Rac1 Rc8 15. Kh1 Qa5 16. e4 Qb5 17. e5 Ne8 18. d4 c4 19. Ng5 h6 20. Ne4 d5 21. Nf2 f5 22. exf6 Ndxf6 23. Qh3 Rc6 24. Rfe1 Nc7 25. f5 Nh7 26. Ng4 Rxf5 27. Ne5 Rd6 28. Nc5 Ng5 29. Qg4 cxb3 30. axb3 Rf6 31. d3 Qe8 32. h4 Nh7 33. Nb7 Nb5 34. Nxd6 Bxd6 35. Rf1 g5 36. Kg1 Rxf1+ 37. Rxf1 Nc3 38. Nf7 Bf8 39. Nxh6+ Kh8 40. Nf7+ Kg8 41. Nxg5 Nxg5 42. hxg5 Qg6 43. Re1 Be7 44. Bc1 Kf7 45. Qf4+ Ke8 46. Qb8+ Bd8 47. Qd6 Be7 48. Rxe6 Ne2+ 49. Kf2 Qf5+ 50. Kxe2 Qg4+ 51. Ke1 Qh4+ 52. Kd1 Qg4+ 53. Kc2 Qxg2+ 54. Bd2 1-0

[Event "Oberliga Nord W 1415"]
[Site "Germany"]
[Date "2014.09.22"]
[Round "1.6"]
[White "Krajina, Davor"]
[Black "Happe, Reinhold"]
[Result "1-0"]
[WhiteElo "2260"]
[BlackElo "2085"]
[PlyCount "93"]
[EventDate "2014.09.22"]
[EventType "team-tourn"]
[EventRounds "9"]
[EventCountry "GER"]
[SourceTitle "EXT 2016"]
[Source "ChessBase"]
[SourceDate "2015.10.08"]
[SourceVersion "1"]
[SourceVersionDate "2015.10.08"]
[SourceQuality "1"]
[WhiteTeam "Bremer SG"]
[BlackTeam "Hellern"]
[WhiteTeamCountry "GER"]
[BlackTeamCountry "GER"]

1. e4 e5 2. Nf3 Nc6 3. Bc4 Bc5 4. b4 Bxb4 5. c3 Be7 6. d4 Na5 7. Bd3 d6 8. dxe5 dxe5 9. Nxe5 Nf6 10. Qa4+ c6 11. Ba3 Bxa3 12. Qxa3 b6 13. 0-0 Qe7 14. Nc4 Nxc4 15. Bxc4 Qxa3 16. Nxa3 0-0 17. f3 Rd8 18. Rfd1 Be6 19. Bxe6 fxe6 20. Nc4 c5 21. Ne5 Rac8 22. a4 Kf8 23. Kf2 Ke8 24. Ke3 g5 25. h4 gxh4 26. Rh1 Nd7 27. Nc4 Nf8 28. Rxh4 Rc7 29. e5 Rd5 30. f4 Rg7 31. g4 Kd7 32. Rah1 Kc6 33. g5 a6 34. Rb1 b5 35. axb5+ axb5 36. Na5+ Kb6 37. c4 Kxa5 38. cxd5 exd5 39. Ra1+ Kb6 40. Rh6+ Rg6 41. f5 Rxh6 42. gxh6 Nd7 43. Kf4 b4 44. e6 Nf6 45. Ke5 Ng4+ 46. Kxd5 Nxh6 47. f6 1-0

[Event "Oberliga Nord W 1314"]
[Site "Germany"]
[Date "2014.01.19"]
[Round "5.8"]
[White "Streich, Gerhard"]
[Black "Krajina, Davor"]
[Result "1/2-1/2"]
[WhiteElo "2167"]
[BlackElo "2251"]
[PlyCount "77"]
[EventDate "2013.10.13"]
[EventType "team-tourn"]
[EventRounds "9"]
[EventCountry "GER"]
[SourceTitle "EXT 2015"]
[Source "ChessBase"]
[SourceDate "2014.11.20"]
[SourceVersion "1"]
[SourceVersionDate "2014.11.20"]
[SourceQuality "1"]
[WhiteTeam "Hannover SF"]
[BlackTeam "Bremer SG"]
[WhiteTeamCountry "GER"]
[BlackTeamCountry "GER"]

1. Nf3 d5 2. d4 Nf6 3. c4 dxc4 4. e3 Bg4 5. Nc3 a6 6. Bxc4 e6 7. 0-0 Nc6 8. h3 Bh5 9. Be2 Bd6 10. Nd2 Bxe2 11. Qxe2 0-0 12. f4 Ne7 13. Nde4 Nf5 14. Qf2 Nxe4 15. Nxe4 Rc8 16. b3 Be7 17. Bb2 Qd5 18. Nd2 Bh4 19. Qf3 Qxf3 20. Rxf3 c5 21. dxc5 Rfd8 22. Ne4 Rd3 23. g3 Be7 24. Rc1 Rxe3 25. Rxe3 Nxe3 26. Bd4 Nd5 27. Rc4 f6 28. Kf2 Kf8 29. Kf3 Ke8 30. h4 h5 31. Bf2 Kd7 32. Nc3 Nxc3 33. Rxc3 Kc6 34. b4 a5 35. bxa5 Ra8 36. Re3 Kd5 37. Rd3+ Kc6 38. Re3 Kd5 39. Rd3+ 1/2-1/2

[Event "Oberliga Nord W 0809"]
[Site "Germany"]
[Date "2009.02.01"]
[Round "6.2"]
[White "Bierenbroodspot, Paul"]
[Black "Krajina, Davor"]
[Result "1-0"]
[WhiteElo "2234"]
[BlackElo "2285"]
[PlyCount "69"]
[EventDate "2008.10.05"]
[EventType "team-tourn"]
[EventRounds "9"]
[EventCountry "GER"]
[SourceTitle "EXT 2010"]
[Source "ChessBase"]
[SourceDate "2010.11.25"]
[SourceVersion "1"]
[SourceVersionDate "2010.11.25"]
[SourceQuality "1"]
[WhiteTeam "Nordhorn Blanke"]
[BlackTeam "Bremer SG"]
[WhiteTeamCountry "GER"]
[BlackTeamCountry "GER"]

1. e4 e5 2. Nf3 Nc6 3. Bb5 a6 4. Ba4 Nf6 5. Nc3 Bc5 6. 0-0 d6 7. h3 Bd7 8. d3 Nd4 9. Bg5 h6 10. Bxd7+ Qxd7 11. Bxf6 gxf6 12. Nd5 0-0-0 13. c3 Ne6 14. Nxf6 Qe7 15. Nd5 Qf8 16. d4 Ba7 17. Nh4 c6 18. Ne3 exd4 19. Nef5 d5 20. e5 dxc3 21. bxc3 Bb8 22. f4 Rg8 23. Qh5 Rd7 24. Nxh6 Rh8 25. N4f5 Qc5+ 26. Kh1 Qxc3 27. Qh4 Bc7 28. Qf2 Qc5 29. Qb2 d4 30. Rab1 b5 31. a4 Kb7 32. Ng4 Qc3 33. Qf2 Rdd8 34. Qe2 d3 35. Qe4 1-0

[Event "Oberliga Nord W 0809"]
[Site "Germany"]
[Date "2008.12.14"]
[Round "4.2"]
[White "David, Adrian"]
[Black "Krajina, Davor"]
[Result "1/2-1/2"]
[WhiteElo "2321"]
[BlackElo "2285"]
[PlyCount "65"]
[EventDate "2008.10.05"]
[EventType "team-tourn"]
[EventRounds "9"]
[EventCountry "GER"]
[SourceTitle "EXT 2010"]
[Source "ChessBase"]
[SourceDate "2010.11.25"]
[SourceVersion "1"]
[SourceVersionDate "2010.11.25"]
[SourceQuality "1"]
[WhiteTeam "Hameln"]
[BlackTeam "Bremer SG"]
[WhiteTeamCountry "GER"]
[BlackTeamCountry "GER"]

1. Nf3 d5 2. c4 c6 3. g3 Nf6 4. Bg2 Bg4 5. cxd5 Nxd5 6. 0-0 Nd7 7. d4 e6 8. Nbd2 Be7 9. Nc4 0-0 10. Qb3 Rb8 11. e4 N5b6 12. Bf4 Nxc4 13. Qxc4 Rc8 14. Qb3 Qb6 15. Qxb6 Nxb6 16. Ne5 Bh5 17. g4 Bg6 18. a4 Rcd8 19. a5 Nd7 20. Nxg6 fxg6 21. Be3 e5 22. Rfd1 exd4 23. Bxd4 Bc5 24. a6 bxa6 25. Bf1 Bxd4 26. Rxd4 Ne5 27. Rxd8 Rxd8 28. Rxa6 Rd2 29. Rxa7 Nf3+ 30. Kg2 Nh4+ 31. Kg1 Nf3+ 32. Kg2 Nh4+ 33. Kg1 1/2-1/2

[Event "Oberliga Nord W 0708"]
[Site "Germany"]
[Date "2008.04.20"]
[Round "9.1"]
[White "Krajina, Davor"]
[Black "Wittje, Berthold"]
[Result "1/2-1/2"]
[WhiteElo "2274"]
[BlackElo "2297"]
[PlyCount "98"]
[EventDate "2007.10.21"]
[EventType "team-tourn"]
[EventRounds "9"]
[EventCountry "GER"]
[SourceTitle "EXT 2009"]
[Source "ChessBase"]
[SourceDate "2008.11.26"]
[SourceVersion "1"]
[SourceVersionDate "2008.11.26"]
[SourceQuality "1"]
[WhiteTeam "Bremen"]
[BlackTeam "Oldenburg Union"]
[WhiteTeamCountry "GER"]
[BlackTeamCountry "GER"]

1. e4 Nf6 2. Nc3 e5 3. Nf3 Nc6 4. Bb5 Nd4 5. Ba4 Bc5 6. Nxe5 0-0 7. Nd3 Bb6 8. e5 Ne8 9. 0-0 d6 10. exd6 Nxd6 11. Nd5 N6f5 12. Ne3 Nh4 13. Ne1 c5 14. c3 Ne6 15. f4 f5 16. g3 Ng6 17. Nf3 Kh8 18. Nc4 Bc7 19. d3 Rb8 20. Bb3 Qf6 21. Re1 Bd7 22. Nce5 Nxe5 23. Nxe5 Bxe5 24. Rxe5 Rbd8 25. Qe2 Rfe8 26. Bd5 b6 27. Bd2 Nc7 28. Bg2 Rxe5 29. fxe5 Qe6 30. Qf3 Bb5 31. Bf1 Bc6 32. Qe2 Qd5 33. Kf2 Re8 34. Re1 Qh1 35. Bf4 Qxh2+ 36. Ke3 Nd5+ 37. Kd2 Nxf4 38. gxf4 Qxf4+ 39. Kc2 Bf3 40. Qe3 Qxe3 41. Rxe3 Bg4 42. d4 f4 43. Re1 cxd4 44. cxd4 Be6 45. Bg2 Rd8 46. Rd1 Bg4 47. Rd2 f3 48. Bf1 Be6 49. b3 g5 1/2-1/2

[Event "Oberliga Nord W 0708"]
[Site "Germany"]
[Date "2008.03.09"]
[Round "7.1"]
[White "Laubsch, Bernd"]
[Black "Krajina, Davor"]
[Result "1-0"]
[WhiteElo "2260"]
[BlackElo "2274"]
[PlyCount "63"]
[EventDate "2007.10.21"]
[EventType "team-tourn"]
[EventRounds "9"]
[EventCountry "GER"]
[SourceTitle "EXT 2009"]
[Source "ChessBase"]
[SourceDate "2008.11.26"]
[SourceVersion "1"]
[SourceVersionDate "2008.11.26"]
[SourceQuality "1"]
[WhiteTeam "Uelzen Post"]
[BlackTeam "Bremen"]
[WhiteTeamCountry "GER"]
[BlackTeamCountry "GER"]

1. e4 e5 2. Nf3 Nc6 3. d4 exd4 4. Nxd4 Nf6 5. Nxc6 bxc6 6. e5 Qe7 7. Qe2 Nd5 8. c4 Ba6 9. g3 Qb4+ 10. Nd2 Nb6 11. a3 Qa5 12. Qe4 0-0-0 13. Be2 Re8 14. f4 f6 15. Rb1 Bb7 16. b4 Qa4 17. c5 Nd5 18. Bb2 Ba6 19. 0-0 Bxe2 20. Qxe2 Be7 21. Qd3 Qb5 22. Nc4 fxe5 23. Bxe5 Bf6 24. Qb3 Rhf8 25. a4 Qb7 26. Qd3 Nxb4 27. Qd2 Bxe5 28. Rxb4 Qa6 29. Nxe5 Rxe5 30. Qb2 d6 31. Rb8+ Kd7 32. Rxf8 1-0

[Event "BL2-Nord 0506"]
[Site "Germany"]
[Date "2006.01.15"]
[Round "5.5"]
[White "Willsch, Matthias"]
[Black "Krajina, Davor"]
[Result "0-1"]
[WhiteElo "2286"]
[BlackElo "2255"]
[PlyCount "48"]
[EventDate "2005.10.23"]
[EventType "team-tourn"]
[EventRounds "9"]
[EventCountry "GER"]
[SourceTitle "EXT 2007"]
[Source "ChessBase"]
[SourceDate "2006.11.23"]
[SourceVersion "1"]
[SourceVersionDate "2006.11.23"]
[SourceQuality "1"]
[WhiteTeam "Preetz"]
[BlackTeam "Bremer SG"]
[WhiteTeamCountry "GER"]
[BlackTeamCountry "GER"]

1. d4 d5 2. Nf3 Nf6 3. g3 Bf5 4. Bg2 e6 5. Nh4 Bg4 6. c4 c6 7. Qb3 Qb6 8. f3 Bh5 9. Nc3 Be7 10. e4 dxc4 11. Qxc4 Na6 12. Be3 Nd7 13. 0-0-0 0-0 14. Qe2 Qa5 15. d5 cxd5 16. exd5 Bf6 17. Bd4 exd5 18. Nf5 Bg6 19. Bxf6 Nxf6 20. Ne7+ Kh8 21. Nexd5 Rac8 22. f4 Qxa2 23. Qb5 Qb1+ 24. Kd2 Qc2+ 0-1

[Event "BL2-Nord 0506"]
[Site "Germany"]
[Date "2005.11.13"]
[Round "2.5"]
[White "Berczes, Csaba"]
[Black "Krajina, Davor"]
[Result "0-1"]
[WhiteElo "2389"]
[BlackElo "2255"]
[PlyCount "112"]
[EventDate "2005.10.23"]
[EventType "team-tourn"]
[EventRounds "9"]
[EventCountry "GER"]
[SourceTitle "EXT 2007"]
[Source "ChessBase"]
[SourceDate "2006.11.23"]
[SourceVersion "1"]
[SourceVersionDate "2006.11.23"]
[SourceQuality "1"]
[WhiteTeam "Ruedersdorf"]
[BlackTeam "Bremer SG"]
[WhiteTeamCountry "GER"]
[BlackTeamCountry "GER"]

1. e4 e5 2. Nf3 Nc6 3. Bb5 a6 4. Ba4 Nf6 5. 0-0 b5 6. Bb3 Bc5 7. c3 d6 8. d4 Bb6 9. h3 Bb7 10. Re1 0-0 11. a4 Qe7 12. axb5 axb5 13. Rxa8 Rxa8 14. Na3 Na5 15. Bc2 c6 16. Bg5 h6 17. Be3 Nd7 18. Nd2 Ba6 19. Qg4 Nf6 20. Qg3 exd4 21. cxd4 b4 22. e5 Nh5 23. Qg4 dxe5 24. dxe5 Bxe3 25. fxe3 bxa3 26. Qxh5 a2 27. Ne4 Bc4 28. Qf5 g6 29. Qf4 Kg7 30. Ra1 Nb3 31. Bxb3 Bxb3 32. Qf6+ Qxf6 33. exf6+ Kh7 34. Kf2 g5 35. Ke2 Kg6 36. g4 Bd5 37. Nc3 Kxf6 38. Nxd5+ cxd5 39. Kd3 Ke5 40. b4 Ra3+ 41. Kd2 Ke4 42. b5 Rxe3 43. Rxa2 Rb3 44. Ra6 Rxb5 45. Rxh6 Rb2+ 46. Kc3 Rh2 47. Rh8 d4+ 48. Kc4 Rc2+ 49. Kb3 Rc6 50. Kb2 d3 51. Re8+ Kd4 52. Re7 d2 53. Rxf7 Rc1 54. Rd7+ Ke3 55. h4 gxh4 56. g5 d1Q 0-1

[Event "Oberliga Nord W 0405"]
[Site "Germany"]
[Date "2005.04.10"]
[Round "9.3"]
[White "Krajina, Davor"]
[Black "Issing, Peter"]
[Result "1-0"]
[WhiteElo "2265"]
[BlackElo "2217"]
[PlyCount "43"]
[EventDate "2004.10.24"]
[EventType "team-tourn"]
[EventRounds "9"]
[EventCountry "GER"]
[SourceTitle "EXT 2006"]
[Source "ChessBase"]
[SourceDate "2005.11.24"]
[SourceVersion "1"]
[SourceVersionDate "2005.11.24"]
[SourceQuality "1"]
[WhiteTeam "Bremer SG"]
[BlackTeam "Bremen Nord"]
[WhiteTeamCountry "GER"]
[BlackTeamCountry "GER"]

1. e4 e5 2. Nf3 Nc6 3. Nc3 Nf6 4. Bb5 d6 5. d4 Bd7 6. Bg5 Be7 7. 0-0 h6 8. Bh4 0-0 9. dxe5 dxe5 10. Re1 Bd6 11. Qd2 a6 12. Nd5 axb5 13. Nxf6+ gxf6 14. Qxh6 Be7 15. Re3 Bg4 16. h3 Ra6 17. hxg4 Nb4 18. Ne1 f5 19. Bxe7 Qxe7 20. Qh5 fxg4 21. c3 Nxa2 22. Rxa2 1-0

[Event "Oberliga Nord W 0405"]
[Site "Germany"]
[Date "2005.01.30"]
[Round "6.2"]
[White "Krajina, Davor"]
[Black "Walter, Stefan"]
[Result "0-1"]
[WhiteElo "2265"]
[BlackElo "2194"]
[PlyCount "178"]
[EventDate "2004.10.24"]
[EventType "team-tourn"]
[EventRounds "9"]
[EventCountry "GER"]
[SourceTitle "EXT 2006"]
[Source "ChessBase"]
[SourceDate "2005.11.24"]
[SourceVersion "1"]
[SourceVersionDate "2005.11.24"]
[SourceQuality "1"]
[WhiteTeam "Bremer SG"]
[BlackTeam "Delmenhorst"]
[WhiteTeamCountry "GER"]
[BlackTeamCountry "GER"]

1. e4 e5 2. Nf3 Nc6 3. Nc3 Nf6 4. Bb5 Bb4 5. 0-0 0-0 6. Bxc6 dxc6 7. Nxe5 Bxc3 8. dxc3 Qxd1 9. Rxd1 Nxe4 10. Bf4 Nf6 11. Nd3 Nd5 12. Bg3 Bg4 13. Re1 Bf5 14. c4 Bxd3 15. cxd5 Bxc2 16. Rac1 Rfe8 17. Be5 f6 18. Rxc2 Rxe5 19. Rxe5 fxe5 20. dxc6 Rd8 21. Kf1 b6 22. Ke2 Kf7 23. Rc3 Rd6 24. b4 a6 25. Ra3 Rxc6 26. Rxa6 Rc2+ 27. Ke3 Ke6 28. Ra8 h6 29. Rg8 Kf6 30. Rc8 Kf5 31. Rf8+ Ke6 32. Rg8 Kf6 33. Rc8 Kf5 34. b5 g6 35. a4 Rc3+ 36. Kd2 Rc5 37. Kd3 h5 38. Rf8+ Ke6 39. Rg8 Kf5 40. Rc8 Ke6 41. Kd2 Rc4 42. Kd3 Rc5 43. Re8+ Kf5 44. h3 Rc1 45. Ra8 Ke6 46. a5 bxa5 47. Rxa5 Rc5 48. g4 hxg4 49. hxg4 Kf6 50. f3 Kg5 51. Ke4 c6 52. Ra6 cxb5 53. Rb6 Rc4+ 54. Kxe5 b4 55. Rd6 Rf4 56. Rd3 Rf8 57. Rb3 Re8+ 58. Kd4 Kf4 59. Rxb4 Rd8+ 60. Kc5+ Kxf3 61. g5 Rf8 62. Kd5 Rf4 63. Rb1 Kg4 64. Rg1+ Kf5 65. Rg2 Rg4 66. Rf2+ Kxg5 67. Ke5 Rg1 68. Ke4 Kg4 69. Rf4+ Kg3 70. Rf3+ Kh4 71. Rf2 g5 72. Kf3 g4+ 73. Ke2 Kg3 74. Rf8 Kh2 75. Rh8+ Kg2 76. Rg8 g3 77. Rg7 Ra1 78. Rh7 Ra8 79. Rg7 Re8+ 80. Kd2 Kf2 81. Rf7+ Kg1 82. Rg7 g2 83. Rg6 Re5 84. Rh6 Kf2 85. Rf6+ Kg3 86. Rg6+ Kf3 87. Rg8 Re4 88. Rf8+ Kg3 89. Rg8+ Rg4 0-1

[Event "Oberliga Nord W 0405"]
[Site "Germany"]
[Date "2004.11.14"]
[Round "2.2"]
[White "Brodhuhn, Reinhard"]
[Black "Krajina, Davor"]
[Result "0-1"]
[WhiteElo "2211"]
[BlackElo "2265"]
[PlyCount "98"]
[EventDate "2004.10.24"]
[EventType "team-tourn"]
[EventRounds "9"]
[EventCountry "GER"]
[SourceTitle "EXT 2006"]
[Source "ChessBase"]
[SourceDate "2005.11.24"]
[SourceVersion "1"]
[SourceVersionDate "2005.11.24"]
[SourceQuality "1"]
[WhiteTeam "Hannover"]
[BlackTeam "Bremer SG"]
[WhiteTeamCountry "GER"]
[BlackTeamCountry "GER"]

1. d4 d5 2. c4 dxc4 3. e4 Nf6 4. Nc3 e5 5. d5 a6 6. Bxc4 Bd6 7. Nf3 Nbd7 8. 0-0 0-0 9. a3 Re8 10. Re1 Nf8 11. Bf1 Ng6 12. g3 Bd7 13. b4 h6 14. Be3 a5 15. Bc5 Bg4 16. Nb5 Bxc5 17. bxc5 Nxd5 18. Qxd5 Bxf3 19. Qxb7 Rc8 20. Re3 Bg4 21. Qa7 Qe7 22. Qxa5 Qxc5 23. Rc3 Qb6 24. Qb4 c5 25. Qb2 Red8 26. Rac1 Nf8 27. Qc2 Ne6 28. h3 Nd4 29. Nxd4 cxd4 30. Rxc8 Rxc8 31. Qd2 Rxc1 32. Qxc1 Be6 33. h4 Qb3 34. Qc7 Qb1 35. Qc6 Bh3 36. Qb5 Qc1 37. h5 Bxf1 38. Qxf1 Qxa3 39. Qb5 Qe7 40. Qb8+ Kh7 41. Qb3 Qd7 42. f3 d3 43. Kf2 Qa7+ 44. Kf1 Qd7 45. g4 g6 46. hxg6+ fxg6 47. Qd5 Qxd5 48. exd5 Kg7 49. Kf2 h5 0-1

[Event "Oberliga Nord W 0304"]
[Site "Germany"]
[Date "2003.11.02"]
[Round "2.4"]
[White "Krajina, Davor"]
[Black "Doescher, Arne"]
[Result "1-0"]
[WhiteElo "2265"]
[BlackElo "2214"]
[PlyCount "43"]
[EventDate "2003.10.12"]
[EventType "team-tourn"]
[EventRounds "9"]
[EventCountry "GER"]
[SourceTitle "EXT 2005"]
[Source "ChessBase"]
[SourceDate "2004.11.15"]
[SourceVersion "1"]
[SourceVersionDate "2004.11.15"]
[SourceQuality "1"]
[WhiteTeam "Bremer SG II"]
[BlackTeam "Bremen Nord"]
[WhiteTeamCountry "GER"]
[BlackTeamCountry "GER"]

1. e4 c5 2. Nf3 Nc6 3. Bb5 e6 4. b3 Nge7 5. Bb2 a6 6. Bxc6 Nxc6 7. 0-0 b5 8. a4 Bb7 9. Qe2 Qb6 10. Na3 b4 11. Nc4 Qc7 12. a5 f6 13. d4 cxd4 14. Nxd4 Be7 15. Qh5+ g6 16. Qh6 Kf7 17. Nf3 d6 18. Ng5+ fxg5 19. Qg7+ Ke8 20. Qxh8+ Kd7 21. Qxh7 Rf8 22. Qxg6 1-0

[Event "Oberliga Nord W 0304"]
[Site "Germany"]
[Date "2003.10.12"]
[Round "1.4"]
[White "Gottschlich, Carsten"]
[Black "Krajina, Davor"]
[Result "1-0"]
[WhiteElo "2338"]
[BlackElo "2265"]
[PlyCount "80"]
[EventDate "2003.10.12"]
[EventType "team-tourn"]
[EventRounds "9"]
[EventCountry "GER"]
[SourceTitle "EXT 2005"]
[Source "ChessBase"]
[SourceDate "2004.11.15"]
[SourceVersion "1"]
[SourceVersionDate "2004.11.15"]
[SourceQuality "1"]
[WhiteTeam "Goettingen Tempo"]
[BlackTeam "Bremer SG II"]
[WhiteTeamCountry "GER"]
[BlackTeamCountry "GER"]

1. d4 d5 2. c4 dxc4 3. e4 e5 4. Nf3 exd4 5. Qxd4 Qxd4 6. Nxd4 Nf6 7. f3 Bc5 8. Be3 Nc6 9. Nc2 Nb4 10. Nxb4 Bxe3 11. Bxc4 c6 12. Ke2 Bc5 13. Nd3 Bd4 14. a4 0-0 15. Nd2 Nd7 16. Rab1 Kh8 17. g4 a6 18. b4 Nb6 19. Bb3 a5 20. Bc2 Be6 21. bxa5 Rxa5 22. Rb4 Rd8 23. Rhb1 Ra6 24. a5 Nc8 25. Rxb7 Ba2 26. R1b4 c5 27. Ra4 Be6 28. Rb8 Bd7 29. Ra3 Rh6 30. Nf1 c4 31. Nf2 Ba7 32. Rb1 Nd6 33. Ba4 Bc8 34. Bb5 Nxb5 35. Rxb5 Ba6 36. Rd5 Rxd5 37. exd5 Rd6 38. Ne4 c3+ 39. Ke1 Rxd5 40. Rxc3 Rxa5 1-0

[Event "Bremen-ch"]
[Site "Bremen"]
[Date "1999.04.02"]
[Round "8"]
[White "Krajina, Davor"]
[Black "Jugelt, Tobias"]
[Result "0-1"]
[WhiteElo "2265"]
[BlackElo "2363"]
[PlyCount "56"]
[EventDate "1999.03.26"]
[EventType "tourn"]
[EventRounds "9"]
[EventCountry "GER"]
[EventCategory "2"]
[SourceTitle "EXT 2010"]
[Source "ChessBase"]
[SourceDate "2010.11.25"]
[SourceVersion "1"]
[SourceVersionDate "2010.11.25"]
[SourceQuality "1"]

1. e4 Nf6 2. Nc3 d5 3. e5 Ne4 4. Nce2 d4 5. c3 dxc3 6. Qa4+ Nd7 7. d4 cxb2 8. Bxb2 c6 9. f3 b5 10. Qc2 Qa5+ 11. Nc3 Nxc3 12. Bxc3 b4 13. Bd2 Qb6 14. Qb2 e6 15. Bd3 Rb8 16. Ne2 c5 17. 0-0 Nxe5 18. dxe5 c4+ 19. Kh1 cxd3 20. Nf4 Bc5 21. Rac1 Ba6 22. Qb3 0-0 23. Nh5 Be3 24. Qd1 Rfc8 25. Rxc8+ Rxc8 26. Re1 Bxd2 27. Qxd2 Qd8 28. Qxb4 d2 0-1

[Event "Bremen-ch"]
[Site "Bremen"]
[Date "1999.03.26"]
[Round "1"]
[White "Krajina, Davor"]
[Black "Meins, Gerlef"]
[Result "0-1"]
[WhiteElo "2265"]
[BlackElo "2439"]
[PlyCount "56"]
[EventDate "1999.03.26"]
[EventType "tourn"]
[EventRounds "9"]
[EventCountry "GER"]
[EventCategory "2"]
[SourceTitle "EXT 2010"]
[Source "ChessBase"]
[SourceDate "2010.11.25"]
[SourceVersion "1"]
[SourceVersionDate "2010.11.25"]
[SourceQuality "1"]

1. e4 c5 2. Nf3 Nc6 3. d4 cxd4 4. Nxd4 Nf6 5. Nc3 d6 6. Be3 Ng4 7. Bg5 h6 8. Bh4 g5 9. Bg3 Bg7 10. Bb5 Qb6 11. Nxc6 bxc6 12. Nd5 Qb7 13. h3 Nf6 14. Ba6 Qxb2 15. Rb1 Qa3 16. Nc7+ Kd7 17. 0-0 Kxc7 18. Bxc8 Rhxc8 19. Qd4 Nh5 20. Qc4 Nxg3 21. Qxf7 Ne2+ 22. Kh1 Bf6 23. e5 dxe5 24. Rb3 Qa5 25. Rfb1 Rab8 26. Rxb8 Rxb8 27. Rxb8 Kxb8 28. Qe8+ Kc7 0-1

[Event "GER-ch 66th"]
[Site "Binz"]
[Date "1994.??.??"]
[Round "2"]
[White "Kersten, Uwe"]
[Black "Krajina, Davor"]
[Result "1-0"]
[WhiteElo "2345"]
[BlackElo "2270"]
[PlyCount "61"]
[EventDate "1994.11.??"]
[EventType "swiss"]
[EventRounds "9"]
[EventCountry "GER"]
[SourceTitle "EXT 1997"]
[Source "ChessBase"]
[SourceDate "1996.11.15"]
[SourceVersion "1"]
[SourceVersionDate "1996.11.15"]
[SourceQuality "1"]

1. e4 e5 2. Nc3 Nc6 3. Nf3 Nf6 4. d4 exd4 5. Nd5 Nb4 6. Nxf6+ Qxf6 7. Bc4 d5 8. exd5 Bg4 9. Qe2+ Be7 10. a3 0-0-0 11. axb4 Bxb4+ 12. Kd1 Rhe8 13. Qd3 Re5 14. Bd2 Bxd2 15. Kxd2 Qf4+ 16. Kd1 Rde8 17. h3 Bh5 18. Rf1 Kb8 19. Ra3 Re4 20. Qd2 Qf6 21. Kc1 c5 22. dxc6 Qxc6 23. Bd3 R4e7 24. Kb1 Bxf3 25. Qf4+ Ka8 26. gxf3 Re1+ 27. Rxe1 Rxe1+ 28. Ka2 Qe6+ 29. Rb3 Qd5 30. Qc7 a5 31. Be4 1-0